4 Best Players on Every NFL Team (2022) - Statistics

General Stats
  • This quiz has been taken 195 times
  • The average score is 86 of 128
Answer Stats
Team Pos Answer % Correct
BUF QB Josh Allen
89%
BUF WR Stefon Diggs
89%
MIA WR Tyreek Hill
88%
CIN WR Ja'Marr Chase
86%
CIN QB Joe Burrow
86%
WAS DE Jonathan Allen
86%
BAL QB Lamar Jackson
86%
MIA QB Tua Tagovailoa
86%
CHI S Eddie Jackson
85%
MIN S Harrison Smith
84%
MIA WR Jaylen Waddle
84%
MIN LB Za'Darius Smith
84%
DET WR Amon-Ra St. Brown
83%
SEA QB Geno Smith
83%
PHI C Jason Kelce
83%
BAL K Justin Tucker
83%
BAL LB Roquan Smith
83%
KC TE Travis Kelce
83%
GB RB Aaron Jones
82%
PHI WR A.J. Brown
82%
KC DT Chris Jones
82%
CIN RB Joe Mixon
82%
TEN RB Derrick Henry
81%
PHI QB Jalen Hurts
81%
MIN WR Justin Jefferson
80%
BAL TE Mark Andrews
80%
CIN WR Tee Higgins
80%
CAR DT Derrick Brown
79%
CLE RB Nick Chubb
79%
KC QB Patrick Mahomes
79%
MIA LB Bradley Chubb
78%
DAL WR CeeDee Lamb
78%
DAL QB Dak Prescott
78%
LV WR Davante Adams
78%
NE C David Andrews
78%
NYG RB Saquon Barkley
78%
PIT LB T.J. Watt
78%
TB QB Tom Brady
78%
CLE QB Deshaun Watson
77%
LAR WR Cooper Kupp
76%
LAR CB Jalen Ramsey
76%
IND RB Jonathan Taylor
76%
LAC QB Justin Herbert
76%
CLE DE Myles Garrett
76%
TEN QB Ryan Tannehill
75%
LAR DT Aaron Donald
74%
SEA WR D.K. Metcalf
73%
LV RB Josh Jacobs
73%
LAR QB Matthew Stafford
73%
CLE WR Amari Cooper
72%
SF TE George Kittle
72%
CHI QB Justin Fields
72%
DAL RB Tony Pollard
72%
MIN RB Dalvin Cook
71%
SF WR Deebo Samuel
71%
DET RB Jamaal Williams
71%
DEN RB Javonte Williams
71%
LAC LB Joey Bosa
71%
ARI QB Kyler Murray
71%
NYG DE Leonard Williams
71%
DAL LB Micah Parsons
71%
TB WR Mike Evans
71%
SF DE Nick Bosa
71%
NYJ DT Quinnen Williams
71%
NYJ CB Sauce Gardner
71%
LAC RB Austin Ekeler
69%
SF RB Christian McCaffrey
69%
ARI WR DeAndre Hopkins
69%
NYJ RB Breece Hall
68%
NE RB Rhamondre Stevenson
68%
PIT WR Diontae Johnson
67%
WAS WR Terry McLaurin
67%
NO RB Alvin Kamara
66%
PHI TE Dallas Goedert
65%
CAR WR D.J. Moore
65%
NE LB Matthew Judon
65%
JAX TE Evan Engram
64%
LV DE Maxx Crosby
64%
ARI TE Zach Ertz
64%
DET DE Aidan Hutchinson
63%
LV TE Darren Waller
63%
PIT S Minkah Fitzpatrick
63%
IND OG Quenton Nelson
63%
JAX RB Travis Etienne
63%
CHI RB David Montgomery
62%
GB CB Jaire Alexander
62%
BUF S Jordan Poyer
62%
ATL TE Kyle Pitts
62%
TB RB Leonard Fournette
62%
WAS RB Brian Robinson
61%
ARI S Budda Baker
61%
NO WR Chris Olave
61%
DEN WR Courtland Sutton
61%
NYG WR Wan'Dale Robinson
61%
DET RB D'Andrew Swift
60%
LAC S Derwin James
60%
SEA RB Kenneth Walker
60%
DEN CB Patrick Surtain
60%
JAX WR Christian Kirk
59%
PIT DE Cameron Heyward
58%
IND LB Shaquille Leonard
58%
CHI WR Darnell Mooney
56%
NO DE Cameron Jordan
55%
IND DT DeForest Buckner
55%
TEN DT Jeffrey Simmons
55%
DEN S Justin Simmons
55%
HOU RB Dameon Pierce
54%
HOU WR Brandin Cooks
53%
ATL RB Cordarelle Patterson
52%
WAS RB Antonio Gibson
50%
TEN S Kevin Byard
50%
NYG K Graham Gano
49%
CAR DE Brian Burns
48%
NO LB Demario Davis
48%
HOU OT Laremy Tunsil
48%
BUF LB Matt Milano
48%
GB OT David Bakhtiari
47%
NE WR Jakobi Meyers
47%
SEA CB Tariq Woolen
47%
ATL CB A.J. Terrell
43%
NYJ LB C.J. Mosley
43%
HOU CB Derek Stingley
43%
TB S Antoine Winfield
42%
KC LB Nick Bolton
40%
GB LB De'Vondre Campbell
30%
ATL DE Grady Jarrett
28%
JAX OG Brandon Scherff
26%
CAR LB Frankie Luvu
12%
No matching quizzes found
Score Distribution
Percent of People with Each Score
Percentile by Number Answered
Your Score History
You have not taken this quiz